000
00296nam a22001337a 4500
008
260427b ||||| |||| 00| 0 eng d
020
_a
9780141325491
041
_a
Shqip
080
_a
821.1
100
_a
20
101
_a
roman
245
_a
Heroes of Olympus
_c
Rick Riordan
942
_2
udc
_c
BK
999
_c
61003
_d
61003